Grüne Charaktere (Sudden Death) - Statistiken

Allgemein
  • Dieses Quiz wurde 547 mal gespielt
  • Das Durchschnittsergebnis liegt bei 8 aus 15
Answers on the Grid
Answers color-coded by a green-red scale on the quiz's grid according to % correct below.
Applejack
Beast Boy
Dipsy
Dorie
Dschinni
Ekel
Elliott das Schmunzelmonster
Elmo
Flip
Fuchur
Grinch
Grinsekatze
Gumball Watterson
Heimlich
Hulk
Kermit
Mantis
Michelangelo
Mike Glotzkowski
Lightning McQueen
Olaf
Pikachu
Plankton
Schlumpfine
Shrek
Snoopy
Stitch
Swiper
Tweety
Yoda
 
Antwortstatistiken
Antwort % Korrekt
Shrek
90%
Hulk
88%
Yoda
88%
Grinch
87%
Kermit
81%
Plankton
74%
Mike Glotzkowski
58%
Ekel
49%
Michelangelo
45%
Elliott das Schmunzelmonster
38%
Mantis
38%
Dipsy
34%
Flip
33%
Beast Boy
31%
Heimlich
7%
Keine übereinstimmenden Quizze gefunden
Verteilung der Resultate
Anzahl Personen mit jedem Resultat
Perzentil nach korrekt beantworteten Fragen
Ihre Resultats-Entwicklung
Sie haben dieses Quiz noch nicht gespielt